Súvisiace a vykonávacie predpisy k Zákonníku práce
Uložené v:
| Médium: | Kniha |
|---|---|
| Jazyk: | Slovak |
| Vydavateľské údaje: |
Bratislava
Epos
1992
|
| Vydanie: | 1. vyd. |
| Predmet: | |
| Tagy: |
Žiadne tagy, Buďte prvý, kto otaguje tento záznam!
|
MARC
| LEADER | 00000nam a2200000 4500 | ||
|---|---|---|---|
| 001 | c003281 | ||
| 005 | 20221214091932.5 | ||
| 020 | |a 80-85703-09-2 | ||
| 041 | 0 | |a slo | |
| 044 | |a SK | ||
| 245 | 1 | 0 | |a Súvisiace a vykonávacie predpisy k Zákonníku práce |
| 250 | |a 1. vyd. | ||
| 264 | 1 | |a Bratislava |b Epos |c 1992 | |
| 300 | |a 208 s. | ||
| 610 | 2 | 0 | |a zákonodarstvo |
| 610 | 2 | 0 | |a predpisy právne |
| 610 | 2 | 0 | |a zákonník práce |
| 610 | 2 | 0 | |a ČSFR |
| 610 | 2 | 0 | |a vláda |
| 610 | 2 | 0 | |a politika sociálna |
| 610 | 2 | 0 | |a vyhlášky |
| 610 | 2 | 0 | |a Slovensko |
| 610 | 2 | 0 | |a 1988 |